<?xml version="1.0" encoding="UTF-8"?>
<marc:record xmlns:marc="http://www.loc.gov/MARC21/slim" type="Bibliographic">
   <marc:leader>00000nam a2200000 c 4500</marc:leader>
   <marc:controlfield tag="001">973588888</marc:controlfield>
   <marc:controlfield tag="003">DE-101</marc:controlfield>
   <marc:controlfield tag="005">20171203174525.0</marc:controlfield>
   <marc:controlfield tag="007">tu</marc:controlfield>
   <marc:controlfield tag="008">050131s2005    gw ||||| |||| 00||||ger  </marc:controlfield>
   <marc:datafield ind1=" " ind2=" " tag="015">
      <marc:subfield code="a">05,A12,0949</marc:subfield>
      <marc:subfield code="2">dnb</marc:subfield>
   </marc:datafield>
   <marc:datafield ind1="7" ind2=" " tag="016">
      <marc:subfield code="2">DE-101</marc:subfield>
      <marc:subfield code="a">973588888</marc:subfield>
   </marc:datafield>
   <marc:datafield ind1=" " ind2=" " tag="020">
      <marc:subfield code="a">9783830432449</marc:subfield>
      <marc:subfield code="c">kart. : EUR 19.95, sfr 34.90</marc:subfield>
      <marc:subfield code="9">978-3-8304-3244-9</marc:subfield>
   </marc:datafield>
   <marc:datafield ind1=" " ind2=" " tag="020">
      <marc:subfield code="a">3830432445</marc:subfield>
      <marc:subfield code="c">kart. : EUR 19.95, sfr 34.90</marc:subfield>
      <marc:subfield code="9">3-8304-3244-5</marc:subfield>
   </marc:datafield>
   <marc:datafield ind1="3" ind2=" " tag="024">
      <marc:subfield code="a">9783830432449</marc:subfield>
   </marc:datafield>
   <marc:datafield ind1=" " ind2=" " tag="035">
      <marc:subfield code="a">(DE-599)DNB973588888</marc:subfield>
   </marc:datafield>
   <marc:datafield ind1=" " ind2=" " tag="035">
      <marc:subfield code="a">(OCoLC)76670043</marc:subfield>
   </marc:datafield>
   <marc:datafield ind1=" " ind2=" " tag="040">
      <marc:subfield code="a">1245</marc:subfield>
      <marc:subfield code="b">ger</marc:subfield>
      <marc:subfield code="c">DE-101</marc:subfield>
      <marc:subfield code="d">9999</marc:subfield>
   </marc:datafield>
   <marc:datafield ind1=" " ind2=" " tag="041">
      <marc:subfield code="a">ger</marc:subfield>
   </marc:datafield>
   <marc:datafield ind1=" " ind2=" " tag="044">
      <marc:subfield code="c">XA-DE-BW</marc:subfield>
   </marc:datafield>
   <marc:datafield ind1="7" ind2="4" tag="082">
      <marc:subfield code="a">610</marc:subfield>
      <marc:subfield code="q">DE-101</marc:subfield>
      <marc:subfield code="2">22sdnb</marc:subfield>
   </marc:datafield>
   <marc:datafield ind1=" " ind2=" " tag="090">
      <marc:subfield code="a">b</marc:subfield>
   </marc:datafield>
   <marc:datafield ind1="1" ind2=" " tag="100">
      <marc:subfield code="0">(DE-588)124555098</marc:subfield>
      <marc:subfield code="0">https://d-nb.info/gnd/124555098</marc:subfield>
      <marc:subfield code="0">(DE-101)124555098</marc:subfield>
      <marc:subfield code="a">Biesinger, Eberhard</marc:subfield>
      <marc:subfield code="d">1954-</marc:subfield>
      <marc:subfield code="e">Verfasser</marc:subfield>
      <marc:subfield code="4">aut</marc:subfield>
      <marc:subfield code="2">gnd</marc:subfield>
   </marc:datafield>
   <marc:datafield ind1="1" ind2="0" tag="245">
      <marc:subfield code="a">Tinnitus</marc:subfield>
      <marc:subfield code="b">endlich Ruhe im Ohr ; so nutzen Sie alle Chancen der modernen Tinnitus-Therapie ; [das Standardwerk]</marc:subfield>
      <marc:subfield code="c">Eberhard Biesinger. [Textzeichn.: Friedrich Hartmann]</marc:subfield>
   </marc:datafield>
   <marc:datafield ind1=" " ind2=" " tag="250">
      <marc:subfield code="a">4. Aufl.</marc:subfield>
   </marc:datafield>
   <marc:datafield ind1=" " ind2=" " tag="259">
      <marc:subfield code="a">14</marc:subfield>
   </marc:datafield>
   <marc:datafield ind1=" " ind2="1" tag="264">
      <marc:subfield code="a">Stuttgart</marc:subfield>
      <marc:subfield code="b">TRIAS</marc:subfield>
      <marc:subfield code="c">2005</marc:subfield>
   </marc:datafield>
   <marc:datafield ind1=" " ind2=" " tag="300">
      <marc:subfield code="a">216 S.</marc:subfield>
      <marc:subfield code="b">Ill., graph. Darst.</marc:subfield>
      <marc:subfield code="c">23 cm, 400 gr.</marc:subfield>
   </marc:datafield>
   <marc:datafield ind1=" " ind2=" " tag="336">
      <marc:subfield code="a">Text</marc:subfield>
      <marc:subfield code="b">txt</marc:subfield>
      <marc:subfield code="2">rdacontent</marc:subfield>
   </marc:datafield>
   <marc:datafield ind1=" " ind2=" " tag="337">
      <marc:subfield code="a">ohne Hilfsmittel zu benutzen</marc:subfield>
      <marc:subfield code="b">n</marc:subfield>
      <marc:subfield code="2">rdamedia</marc:subfield>
   </marc:datafield>
   <marc:datafield ind1=" " ind2=" " tag="338">
      <marc:subfield code="a">Band</marc:subfield>
      <marc:subfield code="b">nc</marc:subfield>
      <marc:subfield code="2">rdacarrier</marc:subfield>
   </marc:datafield>
   <marc:datafield ind1=" " ind2=" " tag="520">
      <marc:subfield code="a">So finden Sie den Weg zurück zur Stille: Etwa jeder 10. Deutsche leidet an Tinnitus, häufig mit den Folgerscheinungen Schlaflosigkeit, Ängsten und Depression. Das Buch setzt Wissen gegen Unsicherheit und klärt Sie umfassend und verlässlich auf. Mit ihm kommen Sie den vielfältigen Ursachen von Tinnitus auf die Spur und erfahren, wie Sie den weiteren Verlauf positiv beeinflussen. Gewinnen Sie neue Zuversicht: alle Therapien im Überblick: Der Autor bietet einen fundierten Überblick über alle wirksamen Behandlungen - im Akutfall wie auch bei längerem Bestehen. Auch alternative Verfahren werden vorgestellt: Ayurveda, Sauerstoffkammer, Neural- und Klangtherapie. Im Zentrum steht die Retraining-Therapie; als ein vielschichtiges Verfahren gibt sie vielen Betroffenen neue Hoffnung. Viele Wege zur Besserung stehen Ihnen offen! Selbst aktiv: So verbessern Sie Ihre Heilungschancen: Lesen Sie, wie Selbsthilfe Ihnen Entspannung und Lebensfreude zurückbringt: Autogenes Training, Yoga und Meditation, Genusstraining und Farbtherapie. Diese Methoden sind mit Leichtigkeit zu Hause anzuwenden. Sie stärken Ihre Selbstheilungskräfte und befreien Sie vom lähmenden Gefühl der Hilflosigkeit. "Dieses Buch hat sich zum Standard-Ratgeber für Tinnitus-Betroffene entwickelt." (Hans Knör, Ehrenpräsident der Deutschen Tinnitus-Liga). Der Autor: Dr. med. Eberhard Biesinger ist niedergelassener Arzt für Hals-Nasen-Ohrenheilkunde in Traunstein. Er hat sich auf die Behandlung von Ohrgeräuschen spezialisiert. Für sein Bemühen um Tinnitus-Patienten ist er von der Deutschen Gesellschaft für HNO-Heilkunde, Kopf- und Halschirurgie mit dem Hofmann- und Heermann-Preis ausgezeichnet worden.</marc:subfield>
   </marc:datafield>
   <marc:datafield ind1=" " ind2="7" tag="650">
      <marc:subfield code="0">(DE-588)4121423-7</marc:subfield>
      <marc:subfield code="0">https://d-nb.info/gnd/4121423-7</marc:subfield>
      <marc:subfield code="0">(DE-101)041214234</marc:subfield>
      <marc:subfield code="a">Ohrgeräusch</marc:subfield>
      <marc:subfield code="2">gnd</marc:subfield>
   </marc:datafield>
   <marc:datafield ind1=" " ind2="7" tag="650">
      <marc:subfield code="0">(DE-588)4234001-9</marc:subfield>
      <marc:subfield code="0">https://d-nb.info/gnd/4234001-9</marc:subfield>
      <marc:subfield code="0">(DE-101)042340012</marc:subfield>
      <marc:subfield code="a">Habituationstraining</marc:subfield>
      <marc:subfield code="2">gnd</marc:subfield>
   </marc:datafield>
   <marc:datafield ind1=" " ind2=" " tag="653">
      <marc:subfield code="a">(VLB-FS)Tinnitus</marc:subfield>
   </marc:datafield>
   <marc:datafield ind1=" " ind2=" " tag="653">
      <marc:subfield code="a">(VLB-FS)Ohrgeräusche</marc:subfield>
   </marc:datafield>
   <marc:datafield ind1=" " ind2=" " tag="653">
      <marc:subfield code="a">(VLB-FS)Hörsturz</marc:subfield>
   </marc:datafield>
   <marc:datafield ind1=" " ind2=" " tag="653">
      <marc:subfield code="a">(VLB-FS)Hals-Nasen-Ohren-Heilkunde</marc:subfield>
   </marc:datafield>
   <marc:datafield ind1=" " ind2=" " tag="653">
      <marc:subfield code="a">(VLB-FS)Retraining</marc:subfield>
   </marc:datafield>
   <marc:datafield ind1=" " ind2=" " tag="653">
      <marc:subfield code="a">(VLB-PF)BC: Paperback</marc:subfield>
   </marc:datafield>
   <marc:datafield ind1=" " ind2=" " tag="653">
      <marc:subfield code="a">(VLB-WI)1: Hardcover, Softcover, Karte</marc:subfield>
   </marc:datafield>
   <marc:datafield ind1=" " ind2=" " tag="653">
      <marc:subfield code="a">(VLB-WG)691: Medizin, Pharmazie / Medizinische Ratgeber</marc:subfield>
   </marc:datafield>
   <marc:datafield ind1=" " ind2="7" tag="655">
      <marc:subfield code="0">(DE-588)4048476-2</marc:subfield>
      <marc:subfield code="0">https://d-nb.info/gnd/4048476-2</marc:subfield>
      <marc:subfield code="0">(DE-101)040484769</marc:subfield>
      <marc:subfield code="a">Ratgeber</marc:subfield>
      <marc:subfield code="2">gnd-content</marc:subfield>
   </marc:datafield>
   <marc:datafield ind1=" " ind2="7" tag="655">
      <marc:subfield code="a">Ratgeber</marc:subfield>
      <marc:subfield code="2">gnd</marc:subfield>
   </marc:datafield>
   <marc:datafield ind1="0" ind2="0" tag="689">
      <marc:subfield code="0">(DE-588)4121423-7</marc:subfield>
      <marc:subfield code="0">https://d-nb.info/gnd/4121423-7</marc:subfield>
      <marc:subfield code="0">(DE-101)041214234</marc:subfield>
      <marc:subfield code="D">s</marc:subfield>
      <marc:subfield code="a">Ohrgeräusch</marc:subfield>
   </marc:datafield>
   <marc:datafield ind1="0" ind2="1" tag="689">
      <marc:subfield code="0">(DE-588)4234001-9</marc:subfield>
      <marc:subfield code="0">https://d-nb.info/gnd/4234001-9</marc:subfield>
      <marc:subfield code="0">(DE-101)042340012</marc:subfield>
      <marc:subfield code="D">s</marc:subfield>
      <marc:subfield code="a">Habituationstraining</marc:subfield>
   </marc:datafield>
   <marc:datafield ind1="0" ind2="2" tag="689">
      <marc:subfield code="A">f</marc:subfield>
      <marc:subfield code="a">Ratgeber</marc:subfield>
   </marc:datafield>
   <marc:datafield ind1="0" ind2=" " tag="689">
      <marc:subfield code="5">DE-101</marc:subfield>
      <marc:subfield code="5">DE-101</marc:subfield>
   </marc:datafield>
   <marc:datafield ind1="0" ind2="0" tag="780">
      <marc:subfield code="i">bis 3. Aufl. u.d.T.:</marc:subfield>
      <marc:subfield code="a">Biesinger, Eberhard, 1954-</marc:subfield>
      <marc:subfield code="t">&#x98;Die&#x9c; Behandlung von Ohrgeräuschen</marc:subfield>
      <marc:subfield code="d">Stuttgart : TRIAS, 2002</marc:subfield>
      <marc:subfield code="h">216 S., Ill.</marc:subfield>
      <marc:subfield code="w">(DE-101)963719629</marc:subfield>
      <marc:subfield code="b">3. Aufl.</marc:subfield>
   </marc:datafield>
   <marc:datafield ind1=" " ind2=" " tag="850">
      <marc:subfield code="a">DE-101a</marc:subfield>
      <marc:subfield code="a">DE-101b</marc:subfield>
   </marc:datafield>
   <marc:datafield ind1="4" ind2="2" tag="856">
      <marc:subfield code="m">V:DE-605</marc:subfield>
      <marc:subfield code="q">application/pdf</marc:subfield>
      <marc:subfield code="u">https://d-nb.info/973588888/04</marc:subfield>
      <marc:subfield code="3">Inhaltsverzeichnis</marc:subfield>
   </marc:datafield>
   <marc:datafield ind1="r" ind2=" " tag="925">
      <marc:subfield code="a">ra</marc:subfield>
   </marc:datafield>
</marc:record>
